000 00440nam a2200169Ia 4500
003 GCL
008 140319s9999 xx 000 0 eng d
040 _aGCL /
_cGCL
082 0 4 _a965.05
_bB O
100 1 _aBOUKHOBZA, M.HAMMED
245 1 0 _aOCTOBRE 88: EVOLUTION OU RUPTURE /
_cBOUKHOBZA, M.HAMMED
260 _a[S.N] :
_bBOUKHOBZA ،
_c1991
300 _a237P
650 0 4 _aALGERIA
650 0 4 _aPOLITICAL SITUATION
942 _2ddc
_cBK
999 _c12426
_d12426